000 00578nam a2200241 a 4500
001 nice12345678
003 IN_TiNIC
005 20260116011534.0
008 050524s1960 lona grp 000 0 eng
020 _a
_c100
082 0 0 _a239
_bNED
100 _aNedoncelle, Maurice
245 _aIs There Christian Philosophy?
260 _aLondon
_bBurns and Oates
_c1960
300 _a152p
500 _aincludes index and biblioraphy
505 2 _aAppendix
650 _aApologetics
700 1 _aNedoncelle, Maurice
902 _bSRS
942 _cBK
999 _c2435
_d2435